Word Ladder: Christmas Songs II Quiz Stats

 Plays Quiz Updated Dec 10, 2017

Challenge
Share
Tweet
Embed
Score 0/16 Timer 01:30
4 Plays Today
Hint % Correct
Sprinter UsainBOLT
92.6%
● Sleigh ringer ●● BELL ●
92.3%
Part of Santa's outfitBELT
91.1%
● Seabird ●● GULL ●
89.8%
Fish lungGILL
89.6%
Chess pieceROOK
88.3%
● Dwayne Johnson ring name, The ___● ROCK ●
85.6%
Taurine animalBULL
84.5%
Hint % Correct
Tree anchorROOT
81.8%
Part of Santa's outfitBOOT
81.6%
Coat with goldGILD
76.6%
GentleMILD
74.2%
PsycheMIND
71.8%
CurseJINX
52.4%
Flirtatious girlMINX
52.1%
● Neeson in Star Wars: Qui-Gon ___● JINN ●
47.4%

Today's Daily Dose

You're not logged in!

Compare scores with friends on all Sporcle quizzes.
Join for Free
OR
Log In

You Might Also Like...

Show Comments

Extras

Top Quizzes Today


Score Distribution

Your Account Isn't Verified!

In order to create a playlist on Sporcle, you need to verify the email address you used during registration. Go to your Sporcle Settings to finish the process.

Report this User

Report this user for behavior that violates our Community Guidelines.

Details: